| 000 | 00363nam a22001337a 4500 | ||
|---|---|---|---|
| 082 |
_a657 _bOSW/C |
||
| 100 | _aOSWAAL | ||
| 245 | _aCBSE QUESTION PAPERS ACCOUNTANCY - 12TH | ||
| 246 |
_aCBSE QUESTION PAPERS ACCOUNTANCY - 12TH _bCBSE QUESTION PAPERS ACCOUNTANCY - 12TH |
||
| 260 |
_aNEW DELHI _bOSWAAL _c2024 |
||
| 300 | _a302 | ||
| 650 | _aACCOUNTANCY | ||
| 942 | _cBK | ||
| 999 |
_c8945 _d8945 |
||